Walt Disney World Quiz #4 - Statistics

General Stats
  • This quiz has been taken 85 times
    84 since last reset
  • The average score is 12 of 22
Answer Stats
Location Ride % Correct
Adventureland Pirates Of The Caribbean
92%
Adventureland Jungle Cruise
84%
Liberty Square Haunted Mansion
76%
Tomorrowland Space Mountain
76%
Frontierland Tiana's Bayou Adventure
74%
Frontierland Big Thunder Mountain Railroad
68%
Fantasyland Peter Pan's Flight
63%
Tomorrowland Carousel Of Progress
56%
Adventureland The Magic Carpets Of Aladdin
55%
Fantasyland Seven Dwarfs Mine Train
53%
Tomorrowland Tomorrowland Speedway
53%
Fantasyland The Many Adventures Of Winnie The Pooh
52%
Fantasyland The Barnstormer
50%
Tomorrowland Astro Orbiter
47%
Tomorrowland Tron Lightcycle / Run
45%
Tomorrowland Buzz Lightyear's Space Ranger Spin
44%
Fantasyland Mad Tea Party
42%
Fantasyland Dumbo The Flying Elephant
40%
Liberty Square Liberty Square Riverboat
37%
Fantasyland Prince Charming Regal Carousel
26%
Tomorrowland Tomorrowland Transit Authority PeopleMover
26%
Fantasyland Under The Sea - Journey Of The Little Mermaid
15%
No matching quizzes found
Score Distribution
Percent of People with Each Score
Percentile by Number Answered
Your Score History
You have not taken this quiz since the last reset